000 00749nam a2200241Ia 4500
003 OSt
005 20220926004625.0
006 a|||||r|||| 00| 0
007 ta
008 220923b |||||||| |||| 00| 0 eng d
020 _a9781138666788
_c995.00
037 _b231, 09/03/2017, CLASSIC BOOKS SERVICES
_cGeneral Book
040 _aRTL
_cRTL
_beng
041 _2eng
_aeng
082 _aY15:3(NW), Q6
100 _aDATTA Sangeeta
_9309025
245 0 _aRituparno ghosh
_b Cinema gender and arts
260 _a New Delhi
_bRoutledge
_c2016
300 _axix,283p.
_ccm.
650 _aSociology
942 _hY15:3(NW), Q6
_cGB
_2CC
999 _c611813
_d611813